000 00772nam a2200265 a 4500
008
020 _a0080096700 (hbk.)
049 _aMAIN
090 0 _aQH212.E4 WIS
100 1 _aWischnitzer, Saul.
245 1 0 _aIntroduction to electron microscopy /
_cby Saul Wischnitzer.
246 0 _aElectron microscopy.
250 _a2nd ed.
260 _aNew York :
_bPergamon Press,
_cc1970.
300 _aviii, 292 p.
_bill.
_c24 cm.
500 _aIncludes indexes.
504 _aIncludes bibliographical references.
650 0 _aElectron microscopy.
650 2 _aMicroscopy, Electron.
907 _a.b10128931
_b13-02-07
_c25-06-04
003
005 20230123133746.0
040 _cNUST
942 _cBOOKS
_kQH212.E4 WIS
999 _c154150
_d154150